1397 1197 1545 1117 1102 1166 1388 1820 1657 1394 1270 1703 1849 1228 1843 1647 1891 1224 1227 1105 1684 1878 1954 1681 1010 1177 1309 1273 1910 1180 1614 1993 1672 1941 1558 1228 1317 1313 1804 1882 1068 1094 1941 1535 1869 1603 1543 1989 1812 1113 1975 1612 1447 1563 1919 1064 1504 1364 1527 1294 1616 1880 1492 1373 1796 1675 1828 1062 1211 1526 1070 1118 1750 1017 1382 1674 1208 1156 1420 1005 1016 1987 1967 1119 1675 1309 1236 1319 1910 1264 1648 1291 1490 1558 1978 1125 1243 1838 1162 BCNSPRNW ULIB Ver.6.0+V

เปลี่ยนเป็นภาษาไทย

Change to English
 แสดงรายละเอียดบรรณานุกรม
  กลับหน้าหลัก

Brief Record : Get Marc (ISO 2709) : E-mail record : QR code < ปิดหน้าต่าง
LEADER : 00000nam 2200000uu 4500
001    13399120271
003     ULIB
008    120918s2548||||th 000 0 tha d
020    ^a9745655201
060 04 ^aWY164^bพ866ก 2548
100 0  ^aพูนทรัพย์ โสภารัตน์
245 10 ^aการพยาบาลผู้ป่วยที่มีปัญหาในการขับถ่ายปัสสาวะ /^cพูนทรัพย์ โสภารัตน์
250    ^aพิมพ์ครั้งที่ 3
260    ^aเชียงใหม่ :^bโครงการตำราคณะพยาบาลศาสตร์มหาวิทยาลัยเชียงใหม่,^c2548
300    ^a[10], 183 หน้า :^bภาพประกอบ
650  7 ^aการถ่ายปัสสาวะ
650  7 ^aทางเดินปัสสาวะ, การติดเชื้อ^xการพยาบาล
650  7 ^aปัสสาวะ, โรคระบบ^xการพยาบาล
945    ^p230^l0^i14846
995    ^aวิภา
999 ^a ใช้งานได้ทุกระบบ
รายการนี้ยังไม่มีแท็ก
คุณยังไม่ได้ล็อกอิน คุณสามารถมีกิจกรรมร่วมกับเว็บไซต์ได้ แต่ต้องล็อกอินก่อน ::
  ล็อกอิน

รายการสื่อสารสนเทศ

ลำดับที่ ประเภท เลขเรียก/บาร์โค้ด สถานที่ สถานะ
1. Book การพยาบาล
Book การพยาบาล
WY164 พ866ก 2548 ฉ.1 
  Barcode: 14846
ห้องสมุดวิทยาเขตนครสวรรค์
►หนังสือทั่วไป:l:General Books
ถูกยืม กำหนดส่งวันที่ 11 พฤษภาคม 2558
  จอง

รายการใกล้เคียง
    ผู้แต่ง [พูนทรัพย์ โสภารัตน์]

BibComment


ยังไม่เคยถูกคอมเมนท์

คอมเมนท์ทรัพยากรรายการนี้
  คอมเมนท์: การพยาบาลผู้ป่วย..


 Copyright 2026. Bcnsprnw @Library